Psicología

Spremljeno u:
Bibliografski detalji
Glavni autori: Whittaker, James O (Autor), Luria, S. M (Autor)
Format: Knjiga
Jezik:španjolski
Izdano: Ciudad de México Interamericana 1977
Izdanje:3a. ed
Teme:
Oznake: Dodaj oznaku
Bez oznaka, Budi prvi tko označuje ovaj zapis!

MARC

LEADER 00000nam a2200000 a 4500
001 UCZ0584
003 CL-VaPUC
008 950728e19770000MX |||||||||||||||||spa|d
082 0 4 |a 150  |b WHI  |2 21 
100 0 |a Whittaker, James O  |e author  |9 343569 
700 0 |a Luria, S. M  |e author  |9 343570 
245 1 0 |a Psicología 
250 |a 3a. ed 
300 |a 816 p 
942 |c BK 
945 |d 19950728 00:00:00  |a lriquelm 
260 |a Ciudad de México  |b Interamericana  |c 1977 
650 0 |a Psicología   |9 257863 
650 0 |a Comportamiento   |9 308406 
650 0 |a Motivación   |9 315362 
650 0 |a Aprendizaje   |9 254827 
650 0 |a Cognición   |9 270347 
650 7 |a INDIVIDUALIDAD  |2 CL-VaPUC  |9 268124 
650 0 |a Personalidad   |9 307255 
650 0 |a Salud mental  |9 308393 
650 0 |a Comportamiento social  |9 334200 
583 |a last modification  |c 19950728 00:00:00  |k Rodrigo Vera 
999 |c 237501  |d 237499 
952 |0 0  |1 0  |4 0  |6 150_000000000000000_WHI_1977  |7 0  |8 A  |9 246704  |a BIBEDU  |b BIBEDU  |d 2019-11-18  |i 1548212  |o 150 WHI 1977  |p 1548212  |r 2019-11-18  |w 2019-11-18  |y BK  |k EDU 
952 |0 0  |1 0  |4 0  |6 150_000000000000000_WHI_1977  |7 0  |8 A  |9 246705  |a BIBEDU  |b BIBEDU  |d 2019-11-18  |i 1548220  |o 150 WHI 1977  |p 1548220  |r 2019-11-18  |w 2019-11-18  |y BK  |k EDU 
952 |0 0  |1 0  |4 0  |6 150_000000000000000_WHI_1977  |7 0  |8 A  |9 246706  |a BIBGIM  |b BIBGIM  |d 2019-11-18  |i 336352K  |o 150 WHI 1977  |p 336352K  |r 2025-01-15  |w 2019-11-18  |y BK  |k SSL